Statistics for F1 Podiums 2010

Click here to take the quiz!

General Stats

  • This quiz has been taken 366 times
  • The average score is 9 of 10

Answer Stats

Answer% Correct
Sebastian Vettel
100%
Fernando Alonso
99%
Lewis Hamilton
99%
Jenson Button
97%
Mark Webber
97%
Felipe Massa
94%
Nico Rosberg
86%
Robert Kubica
72%
Nico Hulkenberg
67%
Vitaly Petrov
58%

Score Distribution

Percentile by Number Answered

Percent of People with Each Score

Your Score History

You have not taken this quiz